[Event "Lippe Cup 02nd"]
[Site "Lieme"]
[Date "2005.10.08"]
[Round "3"]
[White "Groechtemeier, Dirk"]
[Black "Kaierle, Dieter"]
[Result "1-0"]
[WhiteElo "1005"]
[BlackElo "1276"]
[PlyCount "49"]
[EventDate "2005.10.07"]
[EventType "swiss"]
[EventRounds "5"]
[EventCountry "GER"]
[SourceTitle "EXT 2012"]
[Source "ChessBase"]
[SourceDate "2011.11.24"]
[SourceVersion "1"]
[SourceVersionDate "2011.11.24"]
[SourceQuality "1"]

1. d4 d5 2. c4 c6 3. e3 Nf6 4. Nc3 e6 5. Nf3 Be7 6. cxd5 exd5 7. Bd3 Bg4 8. 0-0 0-0 9. Re1 Re8 10. e4 Bb4 11. Bg5 dxe4 12. Rxe4 Be7 13. Bxf6 Bxf3 14. Bxe7 Rxe7 15. Qxf3 Rd7 16. Rae1 Na6 17. Qe3 Kf8 18. Bxa6 bxa6 19. Na4 Qc8 20. Nc5 Rd8 21. Ne6+ fxe6 22. Qf3+ Kg8 23. Rxe6 Qb7 24. Re7 Qc8 25. Qf7+ 1-0